[Event "Bad Wiessee Senioren Cup 8th"]
[Site "Bad Wiessee"]
[Date "2019.05.18"]
[Round "8"]
[White "Miskevicer, Boris"]
[Black "Ewald, Ruediger"]
[Result "1-0"]
[WhiteElo "2064"]
[BlackElo "1669"]
[PlyCount "77"]
[EventDate "2019.05.11"]
[EventType "swiss"]
[EventRounds "9"]
[EventCountry "GER"]
[SourceTitle "EXT 2020"]
[Source "ChessBase"]
[SourceDate "2019.10.17"]
[SourceVersion "1"]
[SourceVersionDate "2019.10.17"]
[SourceQuality "1"]

1. c4 e5 2. g3 Nf6 3. Nc3 Nc6 4. Bg2 Bb4 5. Nf3 0-0 6. 0-0 d6 7. d4 exd4 8. Nb5 Bc5 9. b3 Re8 10. Bb2 a6 11. Nbxd4 Bd7 12. a3 Qc8 13. Re1 Ng4 14. e3 Nf6 15. Qc2 Ba7 16. Nh4 Ne7 17. Qc3 Ng6 18. Nxg6 hxg6 19. b4 Ne4 20. Qc2 f5 21. f3 Nf6 22. Rad1 c5 23. bxc5 Bxc5 24. Qc3 Rb8 25. Nb3 Ba4 26. Rd2 Qc7 27. Nxc5 dxc5 28. e4 fxe4 29. fxe4 Bc6 30. Rd5 b6 31. e5 Nxd5 32. cxd5 Bb5 33. d6 Qf7 34. e6 Qf6 35. Qxf6 gxf6 36. Bxf6 Rf8 37. Bc3 Rbe8 38. Bd5 Kh7 39. d7 1-0

[Event "Bad Wiessee Senioren Cup 8th"]
[Site "Bad Wiessee"]
[Date "2019.05.15"]
[Round "5"]
[White "Ahrends, Norbert"]
[Black "Miskevicer, Boris"]
[Result "1-0"]
[WhiteElo "1927"]
[BlackElo "2064"]
[PlyCount "77"]
[EventDate "2019.05.11"]
[EventType "swiss"]
[EventRounds "9"]
[EventCountry "GER"]
[SourceTitle "EXT 2020"]
[Source "ChessBase"]
[SourceDate "2019.10.17"]
[SourceVersion "1"]
[SourceVersionDate "2019.10.17"]
[SourceQuality "1"]

1. d4 Nf6 2. c4 c5 3. d5 d6 4. Nc3 g6 5. e4 Bg7 6. f3 e6 7. Bg5 a6 8. a4 Qc7 9. Qd2 h6 10. Be3 exd5 11. cxd5 Nbd7 12. Nh3 c4 13. Nf2 Rb8 14. Ba7 Ra8 15. Be3 b6 16. Be2 Rb8 17. 0-0 b5 18. axb5 axb5 19. Ra7 Qd8 20. Na2 Nc5 21. e5 Nb3 22. exf6 Nxd2 23. fxg7 Rg8 24. Bxd2 Rxg7 25. Re1 Qb6 26. Bd1+ Kf8 27. Be3 Qd8 28. Bxh6 Bb7 29. Nb4 Qb6 30. Be3 Re8 31. Ne4 Qc7 32. Na6 Qa5 33. Kf2 Bxa6 34. Bd4 Rh7 35. Be2 Rxh2 36. Nxd6 f6 37. Ne4 Rxg2+ 38. Kxg2 Qxe1 39. Bc5+ 1-0

[Event "Bayern-ch op Seniors 26th"]
[Site "Bergen"]
[Date "2014.06.28"]
[Round "8"]
[White "Miskevicer, Boris"]
[Black "Neumeister, Herbert D"]
[Result "1-0"]
[WhiteElo "2079"]
[BlackElo "1716"]
[PlyCount "27"]
[EventDate "2014.06.21"]
[EventType "swiss"]
[EventRounds "7"]
[EventCountry "GER"]
[SourceTitle "EXT 2018"]
[Source "ChessBase"]
[SourceDate "2017.10.13"]
[SourceVersion "1"]
[SourceVersionDate "2017.10.13"]
[SourceQuality "1"]

1. d4 f5 2. e4 fxe4 3. Nc3 Nf6 4. f3 exf3 5. Nxf3 e6 6. Bd3 c5 7. 0-0 d5 8. Ng5 Be7 9. Bxh7 Qb6 10. Bg6+ Kd7 11. Nxe6 Kc6 12. Na4 Qb5 13. Naxc5 Nbd7 14. a4 1-0

[Event "Bayern-ch op Seniors 26th"]
[Site "Bergen"]
[Date "2014.06.27"]
[Round "7"]
[White "Gerl, Hans Peter"]
[Black "Miskevicer, Boris"]
[Result "1-0"]
[WhiteElo "1917"]
[BlackElo "2079"]
[PlyCount "119"]
[EventDate "2014.06.21"]
[EventType "swiss"]
[EventRounds "7"]
[EventCountry "GER"]
[SourceTitle "EXT 2018"]
[Source "ChessBase"]
[SourceDate "2017.10.13"]
[SourceVersion "1"]
[SourceVersionDate "2017.10.13"]
[SourceQuality "1"]

1. d4 Nf6 2. c4 g6 3. Nc3 Bg7 4. e4 d6 5. Be2 0-0 6. Bg5 c5 7. d5 a6 8. Qc2 b5 9. cxb5 axb5 10. Nxb5 Bd7 11. Nc3 Na6 12. Bxa6 Rxa6 13. Nf3 Qc7 14. 0-0 Rb8 15. Nd2 e6 16. dxe6 Bxe6 17. b3 Ng4 18. h3 Nh6 19. Qd3 Qa5 20. Bxh6 Bxh6 21. f4 Bg7 22. Rac1 f5 23. Nc4 Bd4+ 24. Kh1 Qc7 25. e5 dxe5 26. fxe5 Bxc3 27. Rxc3 Rxa2 28. Rf3 Rd8 29. Nd6 Qc6 30. Rc2 Ra3 31. Rc3 Ra2 32. Rc2 Ra1+ 33. Kh2 Bd5 34. Qc3 Rb1 35. Rg3 Rxb3 36. Qxc5 Qxc5 37. Rxc5 Rxg3 38. Kxg3 Be6 39. Rc7 Bd7 40. Kf4 Be6 41. Kg5 Rd7 42. Rc8+ Kg7 43. Ne8+ Kf7 44. Nf6 Rd2 45. Rc7+ Kf8 46. Nxh7+ Ke8 47. Kf6 Bd7 48. Ra7 Kd8 49. e6 Bxe6 50. Kxe6 Rxg2 51. Ra3 f4 52. Ke5 Rg3 53. Rxg3 fxg3 54. Ng5 Ke7 55. Kf4 g2 56. Nf3 Kf6 57. Kg4 g5 58. Ng1 Kg6 59. Ne2 Kh6 60. Ng1 1-0

[Event "Munich-ch MK op"]
[Site "Munich"]
[Date "2013.02.02"]
[Round "7"]
[White "Miskevicer, Boris"]
[Black "Monninger, Moritz Franz"]
[Result "1/2-1/2"]
[WhiteElo "2057"]
[BlackElo "2087"]
[PlyCount "106"]
[EventDate "2013.01.11"]
[EventType "swiss"]
[EventRounds "7"]
[EventCountry "GER"]
[SourceTitle "EXT 2015"]
[Source "ChessBase"]
[SourceDate "2014.11.20"]
[SourceVersion "1"]
[SourceVersionDate "2014.11.20"]
[SourceQuality "1"]

1. d4 d5 2. c4 e6 3. g3 Nf6 4. Bg2 dxc4 5. Nf3 Nc6 6. Qa4 Nd7 7. Qxc4 Nb6 8. Qd3 e5 9. Nxe5 Nb4 10. Qd1 Qxd4 11. Qxd4 Nc2+ 12. Kd1 Nxd4 13. e3 Ne6 14. Nc3 Bd6 15. Nd3 0-0 16. b3 Rd8 17. Ke2 c5 18. Nb5 Be7 19. Na3 Bf6 20. Bb2 Bxb2 21. Nxb2 Nd5 22. Bxd5 Rxd5 23. Rhd1 Rxd1 24. Rxd1 b6 25. f3 Kf8 26. Nc2 Ke7 27. e4 Bb7 28. Ke3 b5 29. f4 Rd8 30. Rxd8 Nxd8 31. g4 f6 32. h4 h6 33. Nd3 Kd6 34. b4 c4 35. Nf2 g5 36. fxg5 fxg5 37. Nd4 a6 38. hxg5 hxg5 39. Nf3 Ne6 40. Nh3 Bc8 41. Nhxg5 Nxg5 42. Nxg5 Bxg4 43. Kd4 Be6 44. a3 Ke7 45. Nf3 Kd6 46. Nd2 Bd7 47. e5+ Ke7 48. Ne4 Bc8 49. Nc5 Kf7 50. a4 Ke7 51. a5 Kf7 52. Ne4 Ke6 53. Nc5+ Kf7 1/2-1/2

[Event "Munich-ch MK op"]
[Site "Munich"]
[Date "2013.01.11"]
[Round "1"]
[White "Miskevicer, Boris"]
[Black "Santl, Anton"]
[Result "1-0"]
[WhiteElo "2057"]
[BlackElo "1995"]
[PlyCount "93"]
[EventDate "2013.01.11"]
[EventType "swiss"]
[EventRounds "7"]
[EventCountry "GER"]
[SourceTitle "EXT 2015"]
[Source "ChessBase"]
[SourceDate "2014.11.20"]
[SourceVersion "1"]
[SourceVersionDate "2014.11.20"]
[SourceQuality "1"]

1. d4 Nf6 2. c4 g6 3. Nc3 Bg7 4. e4 d6 5. f3 0-0 6. Be3 c5 7. Nge2 cxd4 8. Nxd4 Nc6 9. Be2 Bd7 10. 0-0 Rc8 11. Qd2 Nxd4 12. Bxd4 Qa5 13. Rfd1 Rfd8 14. a3 a6 15. Qe3 Qh5 16. g4 Qh4 17. Bb6 Re8 18. e5 Bh6 19. Qf2 Qxf2+ 20. Kxf2 dxe5 21. h4 Rc6 22. Ba7 Be6 23. g5 Bxc4 24. gxf6 Bxe2 25. Kxe2 exf6 26. Rd7 b5 27. Rad1 a5 28. Nd5 Kg7 29. Be3 Bxe3 30. Kxe3 Rc4 31. Rb7 f5 32. Rxb5 a4 33. Rb4 Rec8 34. Nb6 Rxb4 35. axb4 Rc6 36. Nd5 Rc2 37. Rd2 Rc4 38. b5 Rc5 39. b6 Rb5 40. Ke2 Kh6 41. Kd1 Kh5 42. Kc2 Kxh4 43. Kc3 Kg3 44. Kc4 Rxb6 45. Nxb6 Kxf3 46. Nxa4 e4 47. Nc3 1-0

[Event "Regionalliga SW 1112"]
[Site "Bayern"]
[Date "2011.10.02"]
[Round "1.1"]
[White "Miskevicer, Boris"]
[Black "Braun, Christian"]
[Result "1-0"]
[WhiteElo "2107"]
[BlackElo "2176"]
[PlyCount "80"]
[EventDate "2011.10.02"]
[EventType "team-tourn"]
[EventRounds "9"]
[EventCountry "GER"]
[SourceTitle "EXT 2013"]
[Source "ChessBase"]
[SourceDate "2012.11.22"]
[SourceVersion "1"]
[SourceVersionDate "2012.11.22"]
[SourceQuality "1"]
[WhiteTeam "Schwabing SG Nord"]
[BlackTeam "Bayern Muenchen III"]
[WhiteTeamCountry "GER"]
[BlackTeamCountry "GER"]

1. d4 d5 2. Nf3 Nf6 3. c4 e6 4. g3 Be7 5. Bg2 0-0 6. 0-0 dxc4 7. Ne5 Nc6 8. Nxc6 bxc6 9. Nc3 Rb8 10. Rb1 c5 11. dxc5 Qxd1 12. Rxd1 Bxc5 13. Bf4 Ne8 14. Ne4 Be7 15. Rdc1 Ba6 16. Be3 Nd6 17. Bxa7 Rbd8 18. e3 Nxe4 19. Bxe4 e5 20. Rd1 Bb4 21. a3 Be7 22. Bc6 Rd3 23. Be4 Rdd8 24. Bc6 Rd3 25. Be4 Rdd8 26. Rd5 Rxd5 27. Bxd5 Rd8 28. e4 c5 29. Rc1 g6 30. Bxc4 Bb7 31. f3 Rd2 32. b3 Bc8 33. Bf1 Be6 34. Bxc5 Bxc5+ 35. Rxc5 Bxb3 36. Rxe5 Ra2 37. Ra5 Ra1 38. Kf2 Ra2+ 39. Ke3 Rxh2 40. a4 Ra2 1-0

[Event "Bayern-ch 82nd"]
[Site "Regensburg"]
[Date "2011.08.24"]
[Round "5"]
[White "Miskevicer, Boris"]
[Black "Kretschel, Klaus"]
[Result "1-0"]
[WhiteElo "2078"]
[BlackElo "1976"]
[PlyCount "119"]
[EventDate "2011.08.20"]
[EventType "swiss"]
[EventRounds "9"]
[EventCountry "GER"]
[SourceTitle "EXT 2015"]
[Source "ChessBase"]
[SourceDate "2014.11.20"]
[SourceVersion "1"]
[SourceVersionDate "2014.11.20"]
[SourceQuality "1"]

1. d4 f5 2. c4 Nf6 3. Nc3 g6 4. f3 d5 5. cxd5 Nxd5 6. e4 Nxc3 7. bxc3 Bg7 8. Be3 0-0 9. Bc4+ Kh8 10. Qd2 e5 11. Ne2 fxe4 12. fxe4 Nc6 13. d5 Na5 14. Bd3 b6 15. 0-0-0 Qe7 16. c4 c6 17. Kb1 Ba6 18. Rc1 Rad8 19. Rhd1 Nb7 20. Ng1 Nc5 21. Bxc5 bxc5 22. Nf3 Qd6 23. h4 Rb8+ 24. Ka1 Rf7 25. Ng5 Rfb7 26. Be2 h6 27. Ne6 Rb4 28. a3 Rb3 29. Rc3 cxd5 30. Rxb3 Rxb3 31. Qxd5 Qxd5 32. Rxd5 Rxa3+ 33. Kb2 Re3 34. Bd3 Bc8 35. Rd8+ Kh7 36. Rxc8 Rxd3 37. Rc7 Rd2+ 38. Kc3 Rxg2 39. Rxg7+ Kh8 40. Rxa7 Rg3+ 41. Kd2 Rh3 42. Ra8+ Kh7 43. Ra7+ Kh8 44. Nf8 Rh2+ 45. Ke3 Rh3+ 46. Kf2 g5 47. hxg5 hxg5 48. Ng6+ Kg8 49. Nxe5 Rc3 50. Rc7 g4 51. Rxc5 g3+ 52. Kg2 Re3 53. Ng4 Re2+ 54. Kxg3 Kf8 55. Kf4 Ke7 56. Ke5 Rg2 57. Kf5 Rg1 58. e5 Rf1+ 59. Ke4 Rg1 60. Ne3 1-0

[Event "Regionalliga SW 1011"]
[Site "Bayern"]
[Date "2011.02.06"]
[Round "6.1"]
[White "Miskevicer, Boris"]
[Black "Moufang, Rainer"]
[Result "1/2-1/2"]
[WhiteElo "2039"]
[BlackElo "2293"]
[PlyCount "150"]
[EventDate "2010.10.10"]
[EventType "team-tourn"]
[EventRounds "9"]
[EventCountry "GER"]
[SourceTitle "EXT 2012"]
[Source "ChessBase"]
[SourceDate "2011.11.24"]
[SourceVersion "1"]
[SourceVersionDate "2011.11.24"]
[SourceQuality "1"]
[WhiteTeam "Muenchen Schwabing"]
[BlackTeam "Haar"]
[WhiteTeamCountry "GER"]
[BlackTeamCountry "GER"]

1. d4 Nf6 2. c4 g6 3. Nc3 d5 4. Nf3 Bg7 5. Bf4 0-0 6. e3 c5 7. cxd5 cxd4 8. Qxd4 Nxd5 9. Be5 Nc6 10. Qxd5 Nxe5 11. Nd4 Qb6 12. Qb3 Qxb3 13. axb3 Bd7 14. Be2 Nc6 15. Nxc6 Bxc6 16. 0-0 Rfd8 17. Rfd1 a6 18. Bf3 Bxf3 19. gxf3 e6 20. Kf1 Kf8 21. Ke2 Ke7 22. Rd3 Rac8 23. Ra4 Rxd3 24. Kxd3 Rc6 25. Rc4 Kd7 26. Rf4 f5 27. Rh4 h5 28. Ra4 Bf6 29. f4 Bh4 30. f3 Rd6+ 31. Ke2 Rb6 32. b4 Be7 33. b5 Bf6 34. Rb4 axb5 35. Kd3 Kc6 36. Ne2 Kc5 37. Rb3 b4 38. Nc1 Ra6 39. Kc2 Kc4 40. Nd3 Ra4 41. h3 Bg7 42. Nc1 e5 43. Rd3 Ra7 44. Rd7 Bf6 45. fxe5 b3+ 46. Nxb3 Bxe5 47. f4 Bf6 48. Rf7 Bh8 49. Rxb7 Rxb7 50. Na5+ Kd5 51. Nxb7 Ke4 52. Kd2 Bxb2 53. Ke2 Ba3 54. Na5 Bc5 55. Nc4 Bb4 56. Nb2 Be7 57. Nd1 Bf6 58. Nf2+ Kd5 59. Kf3 Be7 60. Nd3 Bd6 61. Nf2 Be7 62. Nd3 Bd6 63. Nf2 Be7 64. e4+ fxe4+ 65. Nxe4 Kd4 66. Ng3 Bh4 67. Ne2+ Kd5 68. Nc3+ Kd4 69. Nb5+ Kd5 70. Nc7+ Kd6 71. Nb5+ Kd5 72. Na3 Bf6 73. Nc2 Bd8 74. Ne3+ Kd4 75. Ng2 Kd5 1/2-1/2

[Event "Regionalliga SW 0910"]
[Site "Bayern"]
[Date "2010.04.11"]
[Round "9.1"]
[White "Miskevicer, Boris"]
[Black "Deglmann, Ludwig"]
[Result "1/2-1/2"]
[WhiteElo "2089"]
[BlackElo "2349"]
[PlyCount "103"]
[EventDate "2009.10.18"]
[EventType "team-tourn"]
[EventRounds "9"]
[EventCountry "GER"]
[SourceTitle "EXT 2011"]
[Source "ChessBase"]
[SourceDate "2010.11.26"]
[SourceVersion "1"]
[SourceVersionDate "2010.11.26"]
[SourceQuality "1"]
[WhiteTeam "Muenchen Schwabing"]
[BlackTeam "Bayern Muenchen III"]
[WhiteTeamCountry "GER"]
[BlackTeamCountry "GER"]

1. d4 f5 2. c4 Nf6 3. Nc3 d6 4. Nf3 g6 5. g3 Bg7 6. Bg2 0-0 7. 0-0 Qe8 8. e4 fxe4 9. Ng5 Nc6 10. Nb5 Qd8 11. d5 Bg4 12. Qe1 Ne5 13. Nd4 Qc8 14. h3 Bd7 15. Nde6 Re8 16. g4 c6 17. Nxg7 Kxg7 18. Nxe4 cxd5 19. cxd5 Bb5 20. Ng5 Bxf1 21. Ne6+ Kf7 22. Qxf1 Qc4 23. Qxc4 Nxc4 24. g5 Nh5 25. Nc7 Rac8 26. Nxe8 Kxe8 27. b3 Ne5 28. Be3 a6 29. Be4 Nd7 30. Kg2 Ng7 31. Rc1 Rxc1 32. Bxc1 Nf5 33. Kf3 Nc5 34. Bxf5 gxf5 35. Be3 Nd3 36. h4 Kf7 37. a3 Kg6 38. Bb6 Ne5+ 39. Kg3 Kh5 40. Bd8 Ng6 41. f4 b5 42. a4 h6 43. axb5 axb5 44. b4 Nxh4 45. Bxe7 Ng6 46. Bf6 hxg5 47. fxg5 f4+ 48. Kf3 Kh4 49. Bd8 Kh5 50. Bc7 Kxg5 51. Bxd6 Kf5 52. Bc7 1/2-1/2

[Event "Regionalliga SW 0910"]
[Site "Bayern"]
[Date "2009.12.13"]
[Round "4.1"]
[White "Schreiner, Richard"]
[Black "Miskevicer, Boris"]
[Result "1/2-1/2"]
[WhiteElo "2110"]
[BlackElo "2089"]
[PlyCount "127"]
[EventDate "2009.10.18"]
[EventType "team-tourn"]
[EventRounds "9"]
[EventCountry "GER"]
[SourceTitle "EXT 2011"]
[Source "ChessBase"]
[SourceDate "2010.11.26"]
[SourceVersion "1"]
[SourceVersionDate "2010.11.26"]
[SourceQuality "1"]
[WhiteTeam "Garching II"]
[BlackTeam "Muenchen Schwabing"]
[WhiteTeamCountry "GER"]
[BlackTeamCountry "GER"]

1. e4 c5 2. Nf3 d6 3. c4 Nf6 4. Nc3 Bg4 5. d4 cxd4 6. Qxd4 Nc6 7. Qd1 g6 8. Be2 Bg7 9. Be3 0-0 10. 0-0 Rc8 11. b3 a6 12. Rc1 Qa5 13. Nd4 Bd7 14. Kh1 Rfe8 15. f3 b5 16. Nxc6 Bxc6 17. Qd2 b4 18. Nd1 Nd7 19. Bd3 Nc5 20. Bb1 Qb6 21. Qf2 a5 22. h4 a4 23. h5 axb3 24. axb3 Qa5 25. hxg6 hxg6 26. Bc2 Ra8 27. Bd4 Bxd4 28. Qxd4 Ne6 29. Qe3 Kg7 30. Nf2 Rh8+ 31. Kg1 Qc5 32. Qxc5 dxc5 33. Nd3 Ra2 34. Rf2 Rd8 35. Bd1 Rxf2 36. Nxf2 f5 37. exf5 gxf5 38. Kf1 Kf6 39. Rc2 Ke5 40. Re2+ Kf6 41. Ra2 Ra8 42. Rxa8 Bxa8 43. Nd3 Bc6 44. Kf2 f4 45. g3 fxg3+ 46. Kxg3 Be8 47. f4 Bg6 48. Ne5 Bf5 49. Nd7+ Kf7 50. Bh5+ Kg7 51. Bg4 Kg6 52. Ne5+ Kf6 53. Bd1 Nd4 54. Kf2 Ke6 55. Nf3 Nxf3 56. Kxf3 Bb1 57. Ke3 Kf5 58. Kf3 Bd3 59. Ke3 Bb1 60. Kf3 Be4+ 61. Ke3 e5 62. fxe5 Kxe5 63. Kd2 Kd4 64. Bh5 1/2-1/2

[Event "Regionalliga SW 0910"]
[Site "Bayern"]
[Date "2009.11.15"]
[Round "2.2"]
[White "Miskevicer, Boris"]
[Black "Bucan, Djordje"]
[Result "1-0"]
[WhiteElo "2089"]
[BlackElo "2096"]
[PlyCount "57"]
[EventDate "2009.10.18"]
[EventType "team-tourn"]
[EventRounds "9"]
[EventCountry "GER"]
[SourceTitle "EXT 2011"]
[Source "ChessBase"]
[SourceDate "2010.11.26"]
[SourceVersion "1"]
[SourceVersionDate "2010.11.26"]
[SourceQuality "1"]
[WhiteTeam "Muenchen Schwabing"]
[BlackTeam "Muenchen Suedost"]
[WhiteTeamCountry "GER"]
[BlackTeamCountry "GER"]

1. d4 d6 2. Nf3 Nf6 3. Nc3 Bf5 4. g3 c6 5. Bg2 Ne4 6. Nh4 Nxc3 7. bxc3 Be6 8. 0-0 Bc4 9. Nf5 Qa5 10. Ne3 Qxc3 11. Rb1 Ba6 12. a3 Qa5 13. Bb2 e6 14. f4 Nd7 15. c4 d5 16. f5 0-0-0 17. fxe6 fxe6 18. Qc2 Kb8 19. Bh3 Re8 20. Rf7 Nb6 21. c5 Na4 22. Ng4 Nxb2 23. Qxb2 Re7 24. Rbf1 Rxf7 25. Rxf7 g6 26. Qc1 h5 27. Qf4+ Bd6 28. Qxd6+ Ka8 29. Rf8+ 1-0

[Event "Regionalliga SW 0708"]
[Site "Bayern"]
[Date "2007.11.04"]
[Round "2.4"]
[White "Miskevicer, Boris"]
[Black "Broschwitz, Martin"]
[Result "0-1"]
[WhiteElo "2050"]
[BlackElo "2092"]
[PlyCount "92"]
[EventDate "2007.10.21"]
[EventType "team-tourn"]
[EventRounds "9"]
[EventCountry "GER"]
[SourceTitle "EXT 2009"]
[Source "ChessBase"]
[SourceDate "2008.11.26"]
[SourceVersion "1"]
[SourceVersionDate "2008.11.26"]
[SourceQuality "1"]
[WhiteTeam "Muenchen Schwabing"]
[BlackTeam "Unterhaching"]
[WhiteTeamCountry "GER"]
[BlackTeamCountry "GER"]

1. d4 Nf6 2. c4 e6 3. g3 d5 4. Bg2 c6 5. Nf3 Nbd7 6. Nbd2 Be7 7. 0-0 b5 8. b3 0-0 9. Qc2 bxc4 10. bxc4 Ba6 11. Re1 c5 12. cxd5 Nxd5 13. Bb2 c4 14. Ne4 Qa5 15. Nc3 N7f6 16. a3 Rab8 17. Nxd5 exd5 18. Ne5 Qc7 19. Bc3 Rb7 20. g4 Rb3 21. Reb1 Rfb8 22. Bb4 Rxb1+ 23. Rxb1 Bxb4 24. axb4 h6 25. h4 Qd6 26. g5 hxg5 27. hxg5 Nd7 28. f4 Nf8 29. Qc3 Bc8 30. e4 dxe4 31. Qxc4 Ne6 32. Bxe4 Ba6 33. Qd5 Rd8 34. Qxd6 Rxd6 35. g6 fxg6 36. Bxg6 Nxf4 37. Bf7+ Kf8 38. d5 Nh3+ 39. Kh2 Ng5 40. Bh5 Rh6 41. Kg3 Rxh5 42. Kg4 Be2+ 43. Kf4 Nf7 44. Ng6+ Kg8 45. Ne7+ Kh7 46. Ke3 Re5+ 0-1

[Event "Regionalliga SW 0708"]
[Site "Bayern"]
[Date "2007.10.21"]
[Round "1.5"]
[White "Hittinger, Christian"]
[Black "Miskevicer, Boris"]
[Result "1-0"]
[WhiteElo "2055"]
[BlackElo "2050"]
[PlyCount "117"]
[EventDate "2007.10.21"]
[EventType "team-tourn"]
[EventRounds "9"]
[EventCountry "GER"]
[SourceTitle "EXT 2009"]
[Source "ChessBase"]
[SourceDate "2008.11.26"]
[SourceVersion "1"]
[SourceVersionDate "2008.11.26"]
[SourceQuality "1"]
[WhiteTeam "Muenchen Suedost"]
[BlackTeam "Muenchen Schwabing"]
[WhiteTeamCountry "GER"]
[BlackTeamCountry "GER"]

1. e4 c6 2. d4 d5 3. e5 Bf5 4. Nf3 e6 5. Be2 c5 6. Be3 Qb6 7. c4 dxc4 8. Nbd2 Qxb2 9. Nxc4 Qc3+ 10. Kf1 Qc2 11. dxc5 Nc6 12. Nd6+ Bxd6 13. cxd6 Qxd1+ 14. Rxd1 f6 15. Bb5 Kd7 16. Rd4 h5 17. Bxc6+ bxc6 18. Rb4 Bd3+ 19. Ke1 Bb5 20. a4 Ba6 21. Kd2 Nh6 22. Rhb1 Nf5 23. Rb7+ Bxb7 24. Rxb7+ Kc8 25. Rc7+ Kb8 26. Nd4 Nxd4 27. Bxd4 c5 28. Rxc5 fxe5 29. Rb5+ Kc8 30. Bxe5 Rf8 31. f4 Rf7 32. a5 a6 33. Rb6 g6 34. Rc6+ Kd7 35. Rb6 Ke8 36. Kd3 g5 37. fxg5 Rf5 38. Bf6 Rxa5 39. g6 Kd7 40. Be7 Rg8 41. Rb7+ Kc6 42. Rc7+ Kb6 43. Kc4 Rxg6 44. d7 Rg4+ 45. Kc3 Ra3+ 46. Kb2 Rd3 47. d8Q Rxd8 48. Bxd8 Kb5 49. Rc2 Re4 50. g3 a5 51. Be7 Re5 52. h3 Re3 53. Bd6 h4 54. gxh4 Rxh3 55. Rh2 Rd3 56. Be5 Rd7 57. h5 Kc4 58. h6 Rh7 59. Bg7 1-0

[Event "Bayern-ch 75th"]
[Site "Ingolstadt"]
[Date "2006.09.10"]
[Round "8"]
[White "Miskevicer, Boris"]
[Black "Reich, Thomas"]
[Result "0-1"]
[WhiteElo "2242"]
[BlackElo "2401"]
[PlyCount "96"]
[EventDate "2004.09.04"]
[EventType "swiss"]
[EventRounds "9"]
[EventCountry "GER"]
[SourceTitle "EXT 2015"]
[Source "ChessBase"]
[SourceDate "2014.11.20"]
[SourceVersion "1"]
[SourceVersionDate "2014.11.20"]
[SourceQuality "1"]

1. Nf3 Nf6 2. c4 g6 3. Nc3 Bg7 4. g3 0-0 5. Bg2 d6 6. 0-0 Nc6 7. Rb1 Bf5 8. d3 Qd7 9. Re1 Bh3 10. Bh1 h6 11. b4 e5 12. Nd2 Nh5 13. b5 Nd8 14. Bb2 f5 15. a4 Rb8 16. a5 Ne6 17. e3 Kh8 18. Ra1 Ng5 19. a6 b6 20. Nd5 f4 21. exf4 Bg4 22. f3 exf4 23. Re7 Bxb2 24. Rxd7 Bd4+ 25. Kf1 fxg3 26. h4 Bxd7 27. hxg5 hxg5 28. Bg2 g4 29. Ke2 Rbe8+ 30. Ne4 gxf3+ 31. Bxf3 Bg4 32. Qd2 Bxf3+ 33. Ke1 Bxa1 34. Qh6+ Kg8 35. Kd2 Bxe4 36. dxe4 Re6 37. Nxc7 Bg7 38. Qg5 Rf2+ 39. Ke3 Ref6 40. e5 R2f5 41. Qg4 Rxe5+ 42. Kd3 Nf4+ 43. Kc2 g2 44. Nd5 Nxd5 45. cxd5 Rf2+ 46. Kd3 Rf3+ 47. Kc2 Re2+ 48. Kd1 Rfe3 0-1

[Event "Nuremberg LGA Cup 3rd"]
[Site "Nuremberg"]
[Date "2006.09.10"]
[Round "6"]
[White "Vogiatzis, Dimitrios"]
[Black "Miskevicer, Boris"]
[Result "1/2-1/2"]
[WhiteElo "2047"]
[BlackElo "2251"]
[PlyCount "110"]
[EventDate "2006.09.07"]
[EventType "swiss"]
[EventRounds "7"]
[EventCountry "GER"]
[SourceTitle "CBM 114 Extra"]
[Source "ChessBase"]
[SourceDate "2006.11.03"]
[SourceVersion "1"]
[SourceVersionDate "2006.11.03"]
[SourceQuality "1"]

1. e4 c6 2. Nf3 d5 3. exd5 cxd5 4. Ne5 Nc6 5. d4 Nf6 6. c3 a6 7. Bd3 g6 8. 0-0 Bg7 9. f4 0-0 10. a4 Ne4 11. Qe2 f5 12. Be3 e6 13. Nd2 Nxe5 14. dxe5 g5 15. g3 Bd7 16. Nf3 g4 17. Nd4 Rc8 18. Rfc1 h5 19. Bxe4 dxe4 20. h4 Rf7 21. Rd1 Qc7 22. Rd2 Qc4 23. Qd1 Rc7 24. Kf2 a5 25. b3 Qa6 26. c4 Bc8 27. Nb5 Rcd7 28. Nd6 Rf8 29. Qc2 b6 30. Rad1 Rfd8 31. Nxc8 Rxd2+ 32. Rxd2 Qxc8 33. Qd1 Rd3 34. Bxb6 Qc6 35. Be3 Bf8 36. Rxd3 exd3 37. c5 Qd5 38. Ke1 Kf7 39. Kd2 Bxc5 40. Bxc5 Qxc5 41. Kxd3 Qd5+ 42. Kc2 Qg2+ 43. Qd2 Qxg3 44. Qd7+ Kf8 45. Qd8+ Kf7 46. Qf6+ Ke8 47. Qxe6+ Kd8 48. Qxf5 Qf2+ 49. Kc3 g3 50. Qf6+ Kc7 51. Qd6+ Kb7 52. Qd7+ Kb6 53. Qd6+ Kb7 54. Qd7+ Kb6 55. Qd8+ Kb7 1/2-1/2

[Event "Landesliga Sued 0506"]
[Site "Bayern"]
[Date "2006.02.19"]
[Round "7.4"]
[White "Miskevicer, Boris"]
[Black "Webersberger, Johann"]
[Result "1/2-1/2"]
[WhiteElo "2138"]
[BlackElo "2160"]
[PlyCount "66"]
[EventDate "2005.10.23"]
[EventType "team-tourn"]
[EventRounds "9"]
[EventCountry "GER"]
[SourceTitle "EXT 2007"]
[Source "ChessBase"]
[SourceDate "2006.11.23"]
[SourceVersion "1"]
[SourceVersionDate "2006.11.23"]
[SourceQuality "1"]
[WhiteTeam "Schwabing SG Nord"]
[BlackTeam "Rottal Inn"]
[WhiteTeamCountry "GER"]
[BlackTeamCountry "GER"]

1. d4 g6 2. e4 Bg7 3. f4 d5 4. e5 c5 5. c3 cxd4 6. cxd4 Nc6 7. Nc3 Nh6 8. Be2 0-0 9. Nf3 Bg4 10. 0-0 e6 11. Be3 f6 12. exf6 Qxf6 13. Ne5 Bxe2 14. Qxe2 Nxe5 15. fxe5 Qh4 16. g3 Qh3 17. Qg2 Qxg2+ 18. Kxg2 Rxf1 19. Kxf1 Rc8 20. Bxh6 Bxh6 21. Ke2 Bf8 22. Kd3 Be7 23. Ne2 Rc6 24. Rf1 Kg7 25. h4 Bd8 26. Nc3 Be7 27. Rf2 Rc8 28. Rc2 Kf7 29. Ne2 Rxc2 30. Kxc2 Bd8 31. b4 Be7 32. b5 Bd8 33. Kd3 Be7 1/2-1/2

[Event "Munich-ch MK"]
[Site "Munich"]
[Date "2006.02.12"]
[Round "9"]
[White "Miskevicer, Boris"]
[Black "Jorczik, Julian Marcel"]
[Result "0-1"]
[WhiteElo "2251"]
[BlackElo "2169"]
[PlyCount "108"]
[EventDate "2006.01.20"]
[EventType "tourn"]
[EventRounds "11"]
[EventCountry "GER"]
[SourceTitle "EXT 2007"]
[Source "ChessBase"]
[SourceDate "2006.11.23"]
[SourceVersion "1"]
[SourceVersionDate "2006.11.23"]
[SourceQuality "1"]

1. d4 Nf6 2. Nf3 g6 3. c4 Bg7 4. Nc3 0-0 5. e4 d6 6. Be2 Na6 7. 0-0 e5 8. Bg5 Qe8 9. d5 Nh5 10. Qd2 f5 11. exf5 gxf5 12. Bh6 Qg6 13. Bxg7 Nf4 14. g3 Qxg7 15. Kh1 Nh3 16. Nh4 f4 17. Ne4 Nc5 18. Nxc5 dxc5 19. Bd3 Kh8 20. Rae1 Bd7 21. Qe2 Rae8 22. Be4 Ng5 23. Qd3 Qf6 24. f3 Qh6 25. Re2 Nh3 26. Qd2 Qh5 27. Qe1 fxg3 28. hxg3 Rf6 29. Rh2 Rh6 30. Kg2 Qg5 31. Rxh3 Bxh3+ 32. Kxh3 Rg8 33. Qf2 Rf6 34. Rh1 Rh6 35. Re1 b6 36. g4 Rf8 37. Qg3 Rff6 38. Bf5 Rxh4+ 39. Kg2 Qd2+ 40. Kg1 Qd4+ 41. Kg2 Qxb2+ 42. Kg1 Qd4+ 43. Kg2 Qd2+ 44. Kg1 Rh2 45. Rxe5 Rg2+ 46. Qxg2 Qd4+ 47. Qf2 Qxe5 48. Qh4 h6 49. a4 Kg7 50. Be4 Qd4+ 51. Kg2 Qd2+ 52. Kh3 Qd1 53. Kg2 Qe2+ 54. Kg1 Qxc4 0-1